Billy Joel Lyrics Quiz (Part 29) - Statistics

General Stats
  • This quiz has been taken 43 times
  • The average score is 212 of 410
Answer Stats
Answer % Correct
a
100%
And
97%
and
97%
I,
97%
I
97%
The
90%
the
90%
H
87%
In
87%
in
87%
It
87%
it
87%
We
87%
we
87%
to
84%
do
77%
No
74%
what
71%
But
68%
On
68%
on
68%
been
65%
is
65%
Chi
61%
China,
61%
Day,
61%
of
61%
didn’t
58%
got
58%
have
58%
Ho
58%
John
58%
Monroe
58%
start
58%
was
58%
always
55%
burning
55%
Doris
55%
fire
55%
Harry
55%
Korea,
55%
light
55%
Nixon,
55%
Nixon
55%
North
55%
Ray
55%
Ray,
55%
Red
55%
Richard
55%
Since
55%
South
55%
Truman,
55%
turning
55%
world’s
55%
Catcher
52%
fight
52%
Joe
52%
Johnny
52%
King
52%
new
52%
Pacific,
52%
Rye
52%
say
52%
team
52%
Television
52%
Walter
52%
Bomb,
48%
can’t
48%
DiMaggio
48%
Marilyn
48%
McCarthy,
48%
Rock
48%
Rock,
48%
rock
48%
Brooklyn’s
45%
de
45%
J.F.K.
45%
take
45%
Winchell,
45%
winning
45%
X,
45%
Afghanistan
42%
Around
42%
away,
42%
back
42%
blown
42%
Brando,
42%
Dean,
42%
England’s
42%
James
42%
law
42%
Pan,
42%
Peter
42%
queen
42%
Russians
42%
Studebaker,
42%
Sugar
42%
tried
42%
again
39%
AIDS,
39%
beats
39%
British
39%
Clock
39%
Congo
39%
Crack,
39%
else
39%
Elvis
39%
goodbye
39%
Liberace,
39%
Malcolm
39%
Presley,
39%
sex
39%
anymore
35%
Belgians
35%
Checker,
35%
Chubby
35%
Crockett,
35%
Davy
35%
Disneyland
35%
Einstein,
35%
homeless
35%
Politician
35%
punk
35%
Reagan,
35%
Rosenbergs,
35%
suicide
35%
under
35%
Vets,
35%
Watergate,
35%
Woodstock,
35%
airline
32%
Arabia,
32%
Beatlemania
32%
Bernie
32%
Bridge
32%
China’s
32%
Eisenhower,
32%
Falls,
32%
Foreign
32%
Fortune,
32%
Grace,
32%
heavy
32%
Hypodermics
32%
Iran,
32%
Lawrence
32%
martial
32%
metal,
32%
Palestine,
32%
Patterson
32%
Paul,
32%
Princess
32%
Psycho,
32%
Ride,
32%
River
32%
Roy
32%
Sally
32%
Santayana
32%
Terror
32%
Vaccine,
32%
Wheel
32%
Bay
29%
Ben
29%
Berlin,
29%
Budapest,
29%
Buddy
29%
cola
29%
Glenn,
29%
Goetz
29%
Holly,
29%
invasion
29%
Juan
29%
Kennedy
29%
Liston
29%
Moonshot,
29%
Pigs
29%
Place,
29%
Pope
29%
Trouble
29%
wars,
29%
Alabama,
26%
baseball
26%
Bien
26%
Bloc
26%
California
26%
Castro,
26%
Children
26%
Communist
26%
debts,
26%
Hoops,
26%
Hula
26%
Hur,
26%
Joseph
26%
Kwai
26%
Little
26%
Minh,
26%
no-go
26%
Peyton
26%
Phu
26%
Roller
26%
Stalin,
26%
Strange
26%
Suez
26%
Begin,
23%
Cohn,
23%
Edsel
23%
Land
23%
Mafia
23%
Miss,
23%
Monkey,
23%
payola
23%
Peron,
23%
Space
23%
Stranger
23%
U2,
23%
Bardot,
19%
Charles
19%
Dylan,
19%
Hemingway,
19%
Lebanon,
19%
Mantle,
19%
Mickey
19%
Ole
19%
Panmunjom
19%
Sputnik,
19%
Dien
16%
Gaulle,
16%
Homicide,
16%
Nasser
16%
Prokofiev
16%
Rhee,
16%
shores,
16%
Thalidomide
16%
Toscanini,
16%
Ayatollah’s
13%
Birth
13%
Campanella,
13%
control,
13%
Eichman,
13%
Kerouac
13%
Malenkov,
13%
Pasternak,
13%
Chou
10%
Rockefeller,
10%
En-Lai,
6%
Khrushchev
6%
Maciano,
6%
Syngman
6%
Starkwether,
3%
Dancron
0%
No matching quizzes found
Score Distribution
Percent of People with Each Score
Percentile by Number Answered
Your Score History
You have not taken this quiz